डायनासॉर आपल्याकडे एकच पृथ्वी आहे आणि इतर एकांकिका (Record no. 433151)

MARC details
000 -LEADER
fixed length control field 00750nam a2200145Ia 4500
008 - FIXED-LENGTH DATA ELEMENTS--GENERAL INFORMATION
fixed length control field 100122s9999 xx 000 0 und d
082 ## - DEWEY DECIMAL CLASSIFICATION NUMBER
Item number 56802
Classification number 822.08
100 ## - MAIN ENTRY--PERSONAL NAME
Personal name साळवी दिलीप
245 ## - TITLE STATEMENT
Title डायनासॉर आपल्याकडे एकच पृथ्वी आहे आणि इतर एकांकिका
260 ## - PUBLICATION, DISTRIBUTION, ETC. (IMPRINT)
Name of publisher, distributor, etc अनुबंध प्रकाशन
Date of publication, distribution, etc 1999
300 ## - PHYSICAL DESCRIPTION
Extent 48
630 ## - SUBJECT ADDED ENTRY--UNIFORM TITLE
Uniform title डायनासॉर आपल्याकडे एकच पृथ्वी आहे आणि इतर एकांकिका
730 ## - ADDED ENTRY--UNIFORM TITLE
Uniform title डायनासॉर आपल्याकडे एकच पृथ्वी आहे आणि इतर एकांकिका
942 ## - ADDED ENTRY ELEMENTS (KOHA)
Koha item type Book
Holdings
Withdrawn status Lost status Damaged status Not for loan Home library Current library Date acquired Cost, normal purchase price Total Checkouts Full call number Barcode Date last seen Cost, replacement price Price effective from Koha item type Public note
        S.V. Pathak Library, Vile Parle S.V. Pathak Library, Vile Parle 11/27/1999 25.00   56802 SVPPARLE-56802 01/25/2010 25.00 01/25/2010 Book General NA